ロード中...
Wild beauty: a study of Indian wildlife /
| 第一著者: | |
|---|---|
| フォーマット: | Printed Book |
| 言語: | English |
| 出版事項: |
National Book Trust,
1973.
|
| LEADER | 00471nam a2200133Ia 4500 | ||
|---|---|---|---|
| 008 | 150624b xxu||||| |||| 00| 0 eng d | ||
| 082 | |a 639.90954 | ||
| 100 | |a Sankhala, Kailash | ||
| 245 | |a Wild beauty: |b a study of Indian wildlife / |c Kailash Sankhala | ||
| 260 | |b National Book Trust, |c 1973. | ||
| 300 | |a 100 p. | ||
| 942 | |c BK | ||
| 999 | |c 21575 |d 21575 | ||
| 952 | |0 0 |1 0 |2 ddc |4 0 |6 639_909540000000000_SAN_W_R |7 0 |9 21574 |a UL |b UL |c Ref2 |d 1998-09-01 |l 0 |o 639.90954 SAN/W R |p 31595 |r 2012-10-27 |y REF | ||